[Event "Voronezh op-B 23rd"]
[Site "Voronezh"]
[Date "2019.06.16"]
[Round "5"]
[White "Abramov, Ilya1111"]
[Black "Strukov, Dmitry"]
[Result "1-0"]
[WhiteElo "2098"]
[BlackElo "1660"]
[PlyCount "61"]
[EventDate "2019.06.12"]
[EventType "swiss"]
[EventRounds "9"]
[EventCountry "RUS"]
[SourceTitle "EXT 2020"]
[Source "ChessBase"]
[SourceDate "2019.10.17"]
[SourceVersion "1"]
[SourceVersionDate "2019.10.17"]
[SourceQuality "1"]

1. d4 Nf6 2. c4 g6 3. Nc3 Bg7 4. e4 0-0 5. f3 d6 6. Be3 c6 7. Qd2 a6 8. d5 c5 9. a4 a5 10. Nge2 Na6 11. g4 Nb4 12. Ng3 Nd7 13. Be2 Nb6 14. Rc1 Bd7 15. b3 Nc8 16. Bh6 e6 17. Bxg7 Kxg7 18. h4 f5 19. dxe6 Bxe6 20. gxf5 gxf5 21. Nh5+ Kg6 22. Rg1+ Kxh5 23. Rg5+ Kh6 24. exf5 Bxf5 25. Rxf5+ Kg7 26. Rg5+ Kh8 27. Ne4 Nc6 28. Rd1 Rg8 29. Qb2+ Ne5 30. Nxd6 Qf6 31. Qxe5 1-0

[Event "Voronezh op-B 23rd"]
[Site "Voronezh"]
[Date "2019.06.14"]
[Round "3"]
[White "Agadjanian, Sergey"]
[Black "Strukov, Dmitry"]
[Result "0-1"]
[WhiteElo "1919"]
[BlackElo "1660"]
[PlyCount "112"]
[EventDate "2019.06.12"]
[EventType "swiss"]
[EventRounds "9"]
[EventCountry "RUS"]
[SourceTitle "EXT 2020"]
[Source "ChessBase"]
[SourceDate "2019.10.17"]
[SourceVersion "1"]
[SourceVersionDate "2019.10.17"]
[SourceQuality "1"]

1. Nf3 Nf6 2. g3 g6 3. Bg2 Bg7 4. 0-0 0-0 5. c4 d6 6. d4 Nc6 7. Nc3 e5 8. dxe5 Nxe5 9. Nxe5 dxe5 10. b3 Qxd1 11. Rxd1 c6 12. Ba3 Re8 13. Rd2 e4 14. Rad1 Bf5 15. e3 Bg4 16. Rc1 h5 17. h3 Bf5 18. Rcd1 Nh7 19. Ne2 Ng5 20. Nf4 Bc3 21. Rc2 Be5 22. Kh2 Rad8 23. Rxd8 Rxd8 24. Be7 Nf3+ 25. Bxf3 exf3 26. Bxd8 Bxc2 27. b4 Kg7 28. b5 Bxf4 29. gxf4 cxb5 30. cxb5 Ba4 31. b6 axb6 32. Bxb6 Kf6 33. Kg3 Bc6 34. a3 Kf5 35. Bd8 Be4 36. Kh2 Bc6 37. Kg1 Bd5 38. Bb6 Bc4 39. a4 Bb3 40. Kf1 Bxa4 41. Ke1 Bb5 42. Kd2 Bf1 43. h4 Kg4 44. Bd8 b5 45. Kc3 Kh3 46. Kd2 b4 47. Bf6 Kg2 48. Ke1 b3 49. Be5 Be2 50. Bf6 Kh3 51. Kd2 Bc4 52. e4 Kg4 53. f5 gxf5 54. exf5 Kxf5 55. Bd4 Ke4 56. Kc3 b2 0-1

[Event "Voronezh op-B 20th"]
[Site "Voronezh"]
[Date "2016.06.18"]
[Round "6"]
[White "Strukov, Dmitry"]
[Black "Popov, Oleg1111"]
[Result "0-1"]
[WhiteElo "1709"]
[BlackElo "1940"]
[PlyCount "48"]
[EventDate "2016.06.12"]
[EventType "swiss"]
[EventRounds "9"]
[EventCountry "RUS"]
[SourceTitle "EXT 2017"]
[Source "ChessBase"]
[SourceDate "2016.10.25"]
[SourceVersion "1"]
[SourceVersionDate "2016.10.25"]
[SourceQuality "1"]

1. e4 e6 2. d4 d5 3. Nd2 c5 4. Ngf3 cxd4 5. Nxd4 Nf6 6. Bd3 Bd6 7. 0-0 0-0 8. exd5 exd5 9. Nf5 Bc7 10. Nf3 Nc6 11. Re1 Ne4 12. Ne3 Be6 13. Bxe4 dxe4 14. Qxd8 Bxd8 15. Nd2 f5 16. Nef1 Nb4 17. Re2 Nxc2 18. Rb1 Bxa2 19. Ng3 Bg5 20. Ndf1 Bxb1 21. Bxg5 Nd4 22. Rd2 Bd3 23. Be7 Rf7 24. Bc5 Nb3 0-1

[Event "Voronezh op-B 20th"]
[Site "Voronezh"]
[Date "2016.06.16"]
[Round "5"]
[White "Kazmin, Semen"]
[Black "Strukov, Dmitry"]
[Result "1-0"]
[WhiteElo "1990"]
[BlackElo "1709"]
[PlyCount "89"]
[EventDate "2016.06.12"]
[EventType "swiss"]
[EventRounds "9"]
[EventCountry "RUS"]
[SourceTitle "EXT 2017"]
[Source "ChessBase"]
[SourceDate "2016.10.25"]
[SourceVersion "1"]
[SourceVersionDate "2016.10.25"]
[SourceQuality "1"]

1. e4 c5 2. Nf3 Nc6 3. d4 cxd4 4. Nxd4 Nf6 5. Nc3 g6 6. Be3 Bg7 7. f3 0-0 8. g4 e5 9. Nb3 d6 10. Qd2 Be6 11. 0-0-0 Bxb3 12. cxb3 Rc8 13. Qxd6 Qa5 14. Qc5 Qb4 15. Kb1 b6 16. Qxb4 Nxb4 17. a3 Nc6 18. Ba6 Rcd8 19. Ne2 Rd7 20. Rxd7 Nxd7 21. Bb5 Ndb8 22. Rd1 Rd8 23. Rxd8+ Nxd8 24. Nc3 Nbc6 25. Nd5 Kf8 26. a4 Nd4 27. Bxd4 exd4 28. b4 Ne6 29. f4 g5 30. f5 Nf4 31. f6 Bh6 32. Nxf4 gxf4 33. h4 Kg8 34. Kc2 Bf8 35. Kd3 Bxb4 36. Kxd4 Bc5+ 37. Ke5 f3 38. Kf5 h6 39. Bc4 f2 40. g5 hxg5 41. hxg5 Kf8 42. e5 a5 43. e6 fxe6+ 44. Kxe6 Bd4 45. g6 1-0

[Event "Voronezh-ch op2"]
[Site "Voronezh"]
[Date "2015.04.06"]
[Round "4"]
[White "Strukov, Dmitry"]
[Black "Koshelev, Vladimir"]
[Result "0-1"]
[WhiteElo "1809"]
[BlackElo "1853"]
[PlyCount "66"]
[EventDate "2015.04.02"]
[EventType "swiss"]
[EventRounds "9"]
[EventCountry "RUS"]
[SourceTitle "EXT 2017"]
[Source "ChessBase"]
[SourceDate "2016.10.25"]
[SourceVersion "1"]
[SourceVersionDate "2016.10.25"]
[SourceQuality "1"]

1. e4 c5 2. Nf3 e6 3. d4 cxd4 4. Nxd4 a6 5. Be3 Nf6 6. Nd2 Nc6 7. Bc4 d5 8. exd5 Nxd5 9. Nxc6 bxc6 10. Qe2 Qf6 11. c3 Nxe3 12. Qxe3 Rb8 13. Rb1 Be7 14. 0-0 0-0 15. Nf3 c5 16. Ne5 Bd6 17. Rfe1 Bb7 18. Nd7 Qh4 19. Bb3 Qxh2+ 20. Kf1 Bxg2+ 21. Ke2 Bf4 22. Qxc5 Rfc8 23. Qe7 Qh5+ 24. Kd3 Qf3+ 25. Re3 Bxe3 26. fxe3 Rxb3 27. axb3 Qf5+ 28. Ke2 Qxb1 29. Nb6 Qf1+ 30. Kd2 Qf2+ 31. Kd3 Bf1+ 32. Kd4 Qd2+ 33. Ke4 Rd8 0-1